Statistics for Houston Rockets: Most Dunks Each Year

Click here to take the quiz!

General Stats

  • This quiz has been taken 40 times
    (25 since last reset)
  • The average score is 13 of 18

Answer Stats

Year Player Dunks % Correct
2002-2003Yao Ming87
100%
2013-2014Dwight Howard195
95%
2016-2017Clint Capela163
90%
2012-2013Omer Asik127
35%
2010-2011Kevin Martin44
30%
2011-2012Samuel Dalembert59
25%
2009-2010Trevor Ariza68
15%
2001-2002Kelvin Cato129
10%
2005-2006Stromile Swift68
10%

Score Distribution

Percentile by Number Answered

Percent of People with Each Score

Your Score History

You have not taken this quiz since the last reset